| 000 | 00411nam a2200133Ia 4500 | ||
|---|---|---|---|
| 008 | 240719s9999 xx 000 0 und d | ||
| 041 | _aeng | ||
| 082 | _a303.482 DAM | ||
| 100 | _a Damluji Hassan | ||
| 245 | _aTheresponsibleglobalist: what citizens of the world can learn from nationalism | ||
| 260 |
_aUnited Kingdom _bAllen Lane _c2019 |
||
| 300 | _a208;.P. 22 cm | ||
| 520 | _aFaculty Purchase by Dr. Shyam S | ||
| 999 |
_c41492 _d41492 |
||